00383nam a2200145 a 450000100080000000500110000800800410001910000200006024500680008026000350014830000110018365300120019465300180020665300130022410270652003-09-18 2003 bl uuuu u0uu1 u #d1 aPIMENTEL, F. A. aPimenta longabde erva daninha a planta de interesse comercial. aRio Branco: Embrapa Acrec2003 cFolder aConsumo aPimenta longa aProducao